सचित्र आयुर्वेद (Record no. 6292)
[ view plain ]
| 000 -LEADER | |
|---|---|
| fixed length control field | 00382nam a22001217a 4500 |
| 008 - FIXED-LENGTH DATA ELEMENTS--GENERAL INFORMATION | |
| fixed length control field | 230306b |||||||| |||| 00| 0 hin d |
| 040 ## - CATALOGING SOURCE | |
| Original cataloging agency | National Science Library |
| Transcribing agency | National Science Library |
| 245 ## - TITLE STATEMENT | |
| Title | सचित्र आयुर्वेद |
| 246 ## - VARYING FORM OF TITLE | |
| Title proper/short title | Sachitra ayurved |
| 260 ## - PUBLICATION, DISTRIBUTION, ETC. | |
| Place of publication, distribution, etc. | Patna: |
| Name of publisher, distributor, etc. | Shree Baidyanath Ayurved Bhawan Limited, |
| Date of publication, distribution, etc. | 1998 |
| 310 ## - CURRENT PUBLICATION FREQUENCY | |
| Current publication frequency | Monthly |
| 942 ## - ADDED ENTRY ELEMENTS (KOHA) | |
| Koha item type | Continuing Resources |
| Withdrawn status | Lost status | Materials specified (bound volume or other part) | Damaged status | Not for loan | Home library | Current library | Shelving location | Date acquired | Total Checkouts | Barcode | Date last seen | Price effective from | Koha item type |
|---|---|---|---|---|---|---|---|---|---|---|---|---|---|
| Vol. 50 (1-6), 1998 | National Science Library | National Science Library | FF/Rk-21/C-6/R-1 | 08/09/2001 | 150381 | 06/03/2023 | 06/03/2023 | Continuing Resources | |||||
| Vol. 51 (1-6), 1999 | National Science Library | National Science Library | FF/Rk-21/C-6/R-1 | 08/09/2001 | 150380 | 06/03/2023 | 06/03/2023 | Continuing Resources | |||||
| Vol. 51 (7-12), 1998 | National Science Library | National Science Library | FF/Rk-21/C-6/R-1 | 30/08/2001 | 149942 | 06/03/2023 | 06/03/2023 | Continuing Resources | |||||
| Vol. 52 (6-12), 1999 | National Science Library | National Science Library | FF/Rk-21/C-6/R-1 | 25/05/2001 | 149166 | 06/03/2023 | 06/03/2023 | Continuing Resources | |||||
| Vol. 52 (7-12), 2000 | National Science Library | National Science Library | FF/Rk-21/C-6/R-1 | 17/05/2004 | 220276 | 06/03/2023 | 06/03/2023 | Continuing Resources | |||||
| Vol. 53 (1-6), 2000 | National Science Library | National Science Library | FF/Rk-21/C-6/R-1 | 14/05/2004 | 220273 | 06/03/2023 | 06/03/2023 | Continuing Resources | |||||
| Vol. 53 (7-12), 2001 | National Science Library | National Science Library | FF/Rk-21/C-6/R-1 | 14/05/2004 | 220274 | 06/03/2023 | 06/03/2023 | Continuing Resources | |||||
| Vol. 54 (1-6), 2001 | National Science Library | National Science Library | FF/Rk-21/C-6/R-1 | 14/05/2004 | 220275 | 06/03/2023 | 06/03/2023 | Continuing Resources | |||||
| Vol. 54, 2002 | National Science Library | National Science Library | FF/Rk-21/C-6/R-1 | 21/03/2014 | 247677 | 06/03/2023 | 06/03/2023 | Continuing Resources | |||||
| Vol. 55 (1-6), 2003 | National Science Library | National Science Library | FF/Rk-21/C-6/R-1 | 21/03/2014 | 247678 | 06/03/2023 | 06/03/2023 | Continuing Resources | |||||
| Vol. 55 (7-12), 2003 | National Science Library | National Science Library | FF/Rk-21/C-6/R-1 | 21/03/2014 | 247679 | 06/03/2023 | 06/03/2023 | Continuing Resources | |||||
| Vol. 56 (1-6), 2003 | National Science Library | National Science Library | FF/Rk-21/C-6/R-1 | 21/03/2014 | 247680 | 06/03/2023 | 06/03/2023 | Continuing Resources | |||||
| Vol. 56 (7-12), 2004 | National Science Library | National Science Library | FF/Rk-21/C-6/R-1 | 21/03/2014 | 247681 | 06/03/2023 | 06/03/2023 | Continuing Resources | |||||
| Vol. 57 (1-6), 2004 | National Science Library | National Science Library | FF/Rk-21/C-6/R-1 | 21/03/2014 | 247682 | 06/03/2023 | 06/03/2023 | Continuing Resources | |||||
| Vol. 58 (1-6), 2005 | National Science Library | National Science Library | FF/Rk-21/C-6/R-1 | 21/03/2014 | 247683 | 06/03/2023 | 06/03/2023 | Continuing Resources | |||||
| Vol. 58 (7-12), 2006 | National Science Library | National Science Library | FF/Rk-21/C-6/R-1 | 21/03/2014 | 247684 | 06/03/2023 | 06/03/2023 | Continuing Resources |